[Event "FIDE Online Olympiad Div 2 Pool A 2020"]
[Site "Online"]
[Date "2020.08.15"]
[Round "4"]
[White "Priasmoro, Novendra"]
[Black "Fridman, Daniel"]
[Result "1/2-1/2"]
[WhiteElo "1891"]
[BlackElo "2545"]
[Annotator "broadcasts"]
[PlyCount "122"]
[EventDate "2020.08.14"]
[EventType "team-tourn"]
[TimeControl "900+5"]

1. e4 {[%emt 0:00:01]} e5 {[%emt 0:00:04]} 2. Nf3 {[%emt 0:00:01]} Nf6 {[%emt 0:00:02]} 3. Nxe5 {[%emt 0:00:04]} d6 {[%emt 0:00:02]} 4. Nf3 {[%emt 0:00:01]} Nxe4 {[%emt 0:00:01]} 5. Nc3 {[%emt 0:00:01]} Nf6 {[%emt 0:00:02]} 6. d4 {[%emt 0:00:05]} g6 {[%emt 0:00:04]} 7. Bf4 {[%emt 0:00:24]} Bg7 {[%emt 0:00:05]} 8. Qd2 {[%emt 0:00:02]} O-O {[%emt 0:00:05]} 9. O-O-O {[%emt 0:00:07]} Bg4 {[%emt 0:00:24]} 10. Be2 {[%emt 0:00:07]} Re8 {[%emt 0:00:04]} 11. h3 {[%emt 0:00:09]} Bf5 {[%emt 0:00:01]} 12. Bh6 {[%emt 0:00:52]} d5 {[%emt 0:01:34]} 13. Bxg7 {[%emt 0:01:08]} Kxg7 {[%emt 0:00:00]} 14. Ne5 {[%emt 0:00:47]} c5 {[%emt 0:07:12]} 15. g4 {[%emt 0:00:36]} Bc8 {[%emt 0:00:24]} 16. Qf4 {[%emt 0:01:45]} cxd4 {[%emt 0:00:51]} 17. Qxd4 {[%emt 0:02:38]} Qb6 {[%emt 0:00:04]} 18. Qxb6 {[%emt 0:01:53]} axb6 {[%emt 0:00:00]} 19. f4 {[%emt 0:00:01]} Nc6 {[%emt 0:00:20]} 20. Bb5 {[%emt 0:00:18]} Re6 {[%emt 0:00:35]} 21. g5 {[%emt 0:01:05]} Nh5 {[%emt 0:00:32]} 22. Nxd5 {[%emt 0:01:09]} Rxa2 {[%emt 0:00:39]} 23. Kb1 {[%emt 0:01:43]} Ra5 {[%emt 0:00:06]} 24. Bxc6 {[%emt 0:00:05]} bxc6 {[%emt 0:00:06]} 25. Nxb6 {[%emt 0:00:01]} Nxf4 {[%emt 0:01:21]} 26. Nec4 {[%emt 0:01:05]} Rc5 {[%emt 0:00:04]} 27. b4 {[%emt 0:00:17]} Rxc4 {[%emt 0:01:47]} 28. Nxc4 {[%emt 0:00:00]} Re4 {[%emt 0:00:01]} 29. Nd6 {[%emt 0:00:36]} Rxb4+ {[%emt 0:00:02]} 30. Ka1 {[%emt 0:00:01]} Be6 {[%emt 0:00:23]} 31. Ne8+ {[%emt 0:00:01]} Kf8 {[%emt 0:00:01]} 32. Nf6 {[%emt 0:00:01]} Nd5 {[%emt 0:00:06]} 33. Rd3 {[%emt 0:00:31]} Nxf6 {[%emt 0:00:25]} 34. gxf6 {[%emt 0:00:00]} Bd5 {[%emt 0:00:01]} 35. Rb1 {[%emt 0:00:11]} Ra4+ {[%emt 0:00:02]} 36. Kb2 {[%emt 0:00:01]} Rf4 {[%emt 0:00:02]} 37. c4 {[%emt 0:00:11]} Rxc4 {[%emt 0:00:02]} 38. Ka3 {[%emt 0:00:02]} Ke8 {[%emt 0:00:11]} 39. Rb7 {[%emt 0:00:02]} Re4 {[%emt 0:00:07]} 40. Rd2 {[%emt 0:00:12]} Re3+ {[%emt 0:00:08]} 41. Ka4 {[%emt 0:00:03]} Re4+ {[%emt 0:00:09]} 42. Ka5 {[%emt 0:00:04]} Re1 {[%emt 0:00:09]} 43. Rdb2 {[%emt 0:00:05]} Ra1+ {[%emt 0:00:01]} 44. Kb6 {[%emt 0:00:03]} Kd8 {[%emt 0:00:05]} 45. Kc5 {[%emt 0:00:06]} Rd1 {[%emt 0:00:03]} 46. Re2 {[%emt 0:00:05]} Kc8 {[%emt 0:00:05]} 47. Ra7 {[%emt 0:00:02]} Kb8 {[%emt 0:00:02]} 48. Rd7 {[%emt 0:00:09]} Kc8 {[%emt 0:00:02]} 49. Ree7 {[%emt 0:00:04]} g5 {[%emt 0:00:04]} 50. Rc7+ {[%emt 0:00:03]} Kb8 {[%emt 0:00:04]} 51. Rb7+ {[%emt 0:00:05]} Kc8 {[%emt 0:00:02]} 52. Ra7 {[%emt 0:00:05]} Kb8 {[%emt 0:00:01]} 53. Reb7+ {[%emt 0:00:08]} Kc8 {[%emt 0:00:01]} 54. Kd6 {[%emt 0:00:06]} Be6+ {[%emt 0:00:05]} 55. Ke7 {[%emt 0:00:03]} h5 {[%emt 0:00:10]} 56. Rc7+ {[%emt 0:00:02]} Kb8 {[%emt 0:00:01]} 57. Rab7+ {[%emt 0:00:05]} Ka8 {[%emt 0:00:02]} 58. Ra7+ {[%emt 0:00:07]} Kb8 {[%emt 0:00:02]} 59. Rcb7+ {[%emt 0:00:01]} Kc8 {[%emt 0:00:01]} 60. Ke8 {[%emt 0:00:11]} Rd8+ {[%emt 0:00:04]} 61. Ke7 {[%emt 0:00:01]} Rd1 {[%emt 0:00:02]} 1/2-1/2

[Event "FIDE Online Olympiad Div 2 Pool A 2020"]
[Site "Online"]
[Date "2020.08.15"]
[Round "4"]
[White "Arfan, Aditya Bagus"]
[Black "Vogel, Roven"]
[Result "0-1"]
[WhiteElo "1779"]
[BlackElo "2107"]
[Annotator "broadcasts"]
[PlyCount "134"]
[EventDate "2020.08.14"]
[EventType "team-tourn"]
[TimeControl "900+5"]

1. Nf3 {[%emt 0:00:01]} Nf6 {[%emt 0:00:30]} 2. c4 {[%emt 0:00:03]} e6 {[%emt 0:00:37]} 3. g3 {[%emt 0:00:04]} d5 {[%emt 0:00:05]} 4. Bg2 {[%emt 0:00:02]} Be7 {[%emt 0:00:01]} 5. O-O {[%emt 0:00:02]} O-O {[%emt 0:00:01]} 6. b3 {[%emt 0:00:06]} c5 {[%emt 0:00:15]} 7. Bb2 {[%emt 0:00:12]} Nc6 {[%emt 0:00:09]} 8. e3 {[%emt 0:00:07]} d4 {[%emt 0:00:13]} 9. exd4 {[%emt 0:00:04]} cxd4 {[%emt 0:00:01]} 10. Re1 {[%emt 0:00:04]} Re8 {[%emt 0:00:30]} 11. Ne5 {[%emt 0:01:28]} Nxe5 {[%emt 0:00:08]} 12. Rxe5 {[%emt 0:00:03]} Nd7 {[%emt 0:00:08]} 13. Re1 {[%emt 0:02:33]} e5 {[%emt 0:00:19]} 14. d3 {[%emt 0:03:06]} Bb4 {[%emt 0:00:17]} 15. Rf1 {[%emt 0:00:33]} Nf6 {[%emt 0:01:13]} 16. a3 {[%emt 0:00:07]} Bf8 {[%emt 0:00:15]} 17. Nd2 {[%emt 0:01:03]} Bf5 {[%emt 0:00:36]} 18. Bxb7 {[%emt 0:01:39]} Bxd3 {[%emt 0:01:21]} 19. Bxa8 {[%emt 0:00:09]} Qxa8 {[%emt 0:00:18]} 20. Re1 {[%emt 0:00:28]} Qc8 {[%emt 0:00:53]} 21. b4 {[%emt 0:02:01]} Qh3 {[%emt 0:01:39]} 22. Qf3 {[%emt 0:00:08]} e4 {[%emt 0:01:27]} 23. Qg2 {[%emt 0:00:06]} Qd7 {[%emt 0:00:12]} 24. Nb3 {[%emt 0:00:08]} Bxc4 {[%emt 0:02:05]} 25. Nxd4 {[%emt 0:00:02]} Bd5 {[%emt 0:00:02]} 26. Qf1 {[%emt 0:00:15]} Rb8 {[%emt 0:00:41]} 27. Nc2 {[%emt 0:00:14]} Ng4 {[%emt 0:00:33]} 28. h3 {[%emt 0:00:08]} Nh6 {[%emt 0:00:41]} 29. Ne3 {[%emt 0:00:21]} Be6 {[%emt 0:00:02]} 30. Red1 {[%emt 0:00:12]} Qb7 {[%emt 0:00:25]} 31. Be5 {[%emt 0:00:07]} Re8 {[%emt 0:00:02]} 32. Bf4 {[%emt 0:00:04]} Nf5 {[%emt 0:00:15]} 33. Nxf5 {[%emt 0:00:02]} Bxf5 {[%emt 0:00:00]} 34. Be3 {[%emt 0:00:01]} h5 {[%emt 0:00:06]} 35. Rac1 {[%emt 0:00:04]} Qe7 {[%emt 0:00:46]} 36. Kh2 {[%emt 0:00:24]} h4 {[%emt 0:00:04]} 37. Qb5 {[%emt 0:00:25]} Bg6 {[%emt 0:00:40]} 38. Rd7 {[%emt 0:00:27]} hxg3+ {[%emt 0:00:07]} 39. fxg3 {[%emt 0:00:04]} Qf6 {[%emt 0:00:04]} 40. Rf1 {[%emt 0:00:23]} Qc3 {[%emt 0:00:11]} 41. Qe2 {[%emt 0:00:31]} Qxa3 {[%emt 0:00:07]} 42. Rxa7 {[%emt 0:00:11]} Qxb4 {[%emt 0:00:01]} 43. Raa1 {[%emt 0:00:05]} Rc8 {[%emt 0:00:06]} 44. Rac1 {[%emt 0:00:02]} Rd8 {[%emt 0:00:05]} 45. Rfd1 {[%emt 0:00:02]} Rd3 {[%emt 0:00:03]} 46. Rxd3 {[%emt 0:00:09]} exd3 {[%emt 0:00:00]} 47. Qd2 {[%emt 0:00:00]} Qb7 {[%emt 0:00:06]} 48. Bc5 {[%emt 0:00:08]} Bxc5 {[%emt 0:00:06]} 49. Rxc5 {[%emt 0:00:02]} Qf3 {[%emt 0:00:03]} 50. Rc8+ {[%emt 0:00:08]} Kh7 {[%emt 0:00:02]} 51. Qf4 {[%emt 0:00:09]} Qe2+ {[%emt 0:00:08]} 52. Kg1 {[%emt 0:00:02]} Qe1+ {[%emt 0:00:10]} 53. Kh2 {[%emt 0:00:03]} Qe2+ {[%emt 0:00:15]} 54. Kg1 {[%emt 0:00:01]} d2 {[%emt 0:00:07]} 55. Qh4+ {[%emt 0:00:14]} Bh5 {[%emt 0:00:03]} 56. Rd8 {[%emt 0:00:10]} Qe1+ {[%emt 0:00:04]} 57. Kh2 {[%emt 0:00:02]} Qe2+ {[%emt 0:00:00]} 58. Kg1 {[%emt 0:00:01]} d1=Q+ {[%emt 0:00:00]} 59. Rxd1 {[%emt 0:00:01]} Qxd1+ {[%emt 0:00:01]} 60. Kf2 {[%emt 0:00:01]} Kg8 {[%emt 0:00:04]} 61. g4 {[%emt 0:00:02]} Bg6 {[%emt 0:00:02]} 62. Qe7 {[%emt 0:00:01]} Qd4+ {[%emt 0:00:03]} 63. Kg3 {[%emt 0:00:01]} Qd3+ {[%emt 0:00:02]} 64. Kh4 {[%emt 0:00:03]} f6 {[%emt 0:00:12]} 65. Qe6+ {[%emt 0:00:03]} Kh7 {[%emt 0:00:03]} 66. Qc8 {[%emt 0:00:25]} Be4 {[%emt 0:00:16]} 67. Qc7 {[%emt 0:00:16]} Bg2 {[%emt 0:00:10]} 0-1

[Event "FIDE Online Olympiad Div 2 Pool A 2020"]
[Site "Online"]
[Date "2020.08.15"]
[Round "5"]
[White "vladislavkovalev"]
[Black "yosephtaher"]
[Result "1-0"]
[WhiteElo "2622"]
[BlackElo "1258"]
[Annotator "TA"]
[PlyCount "113"]
[EventDate "2020.08.14"]
[EventType "team-tourn"]

{[%evp 9,113,-2,0,4,17,12,10,10,30,-20,-23,-59,0,-37,-7,0,33,23,31,25,30,27,42,38,45,40,44,15,68,46,47,45,60,28,61,61,47,-12,87,116,154,119,138,139,140,135,143,102,252,252,275,263,242,240,193,231,304,304,304,297,297,290,319,302,310,283,395,239,290,290,287,281,29994,439,573,544,560,547,774,867,1238,1238,1210,1198,1184,1193,2276,2106,3010,2557,29971,6291,5493,5489,2387,2377,5481,5397,2496,2414,29987,29988,6964,6944,29992,29993]} 1. e4 c5 2. Be2 Nc6 3. d3 g6 4. f4 Bg7 5. Nf3 e6 6. c3 {B21: Sicilian: 2 f4 and Morra Gambit.} d5 7. O-O Nge7 8. Be3 {The position is equal.} b6 9. Qc2 O-O 10. Nbd2 Ba6 (10... Bh6 $15) 11. Rfe1 {[#]} Qc7 $146 ({Predecessor:} 11... Rc8 12. Rad1 d4 13. Bf2 e5 14. fxe5 Nxe5 15. Nxe5 Bxe5 16. Nf3 Bg7 17. cxd4 cxd4 {0-1 (83) Balabayeva,K (2146)-Dragnev,V (2553) chess.com INT 2020}) 12. e5 Rfd8 13. Bf2 Rac8 14. Bf1 Bb7 15. g4 Qd7 16. a3 Rf8 17. Bh3 Nd8 18. Qd1 a5 ({Black should play} 18... f5 $11) 19. a4 Ba6 20. Qe2 Rb8 21. Nf1 d4 22. c4 $1 Bb7 23. Ng3 (23. N1d2 $14) 23... Bxf3 (23... f5 $11 {keeps the balance.} 24. exf6 Rxf6) 24. Qxf3 $16 Nec6 25. Ne4 f6 26. exf6 Bxf6 27. Re2 Bg7 28. Rae1 Nf7 {Black cannot hold the game after this.} (28... Qc7 $16 {might work better.}) 29. Bh4 Rbe8 30. Nf6+ $1 Bxf6 31. Bxf6 Nd6 {[#]} 32. g5 $1 Nf5 {[#]} 33. Bxf5 $1 gxf5 34. h4 Nb4 35. b3 Qf7 36. h5 Qd7 37. Kf1 Qf7 38. Rd2 Qd7 39. Ke2 Qc6 40. Qg3 Kf7 $2 (40... Qb7 $18 41. Kf2 Qf7) 41. Kd1 (41. g6+ $142 Kxf6 42. Qg5+ (42. g7 $2 Rg8 $19) 42... Kg7 43. h6+ Kh8 44. g7+ {[%mdl 64] Double Attack} Kg8 45. gxf8=N+ Kxf8 46. Qg7#) 41... Rg8 42. Rde2 Qd7 43. Kd2 Nc6 44. Qh4 Ne7 45. Rxe6 Qxe6 46. Rxe6 Kxe6 47. Qh1 Rgf8 48. Qb7 Kf7 49. Qxb6 {[%mdl 64] Double Attack} Rc8 50. Qb7 (50. Qd6 $142 Rfe8 51. Bxe7 Rxe7 52. g6+ {[%mdl 64] Double Attack} Ke8 53. gxh7 Rxh7 54. Qe6+ {[%mdl 64] Double Attack} Kd8 55. Qg8+ {[%mdl 64] Double Attack} Kc7 56. Qxh7+ {[%mdl 64] Double Attack} Kb8 57. Qxf5) 50... Rce8 $18 51. Qd7 Rg8 52. Qc7 Rgf8 53. Qxc5 Rg8 54. Qc7 Rgf8 55. Qd7 Rg8 56. c5 {White wants to mate with c6.} Rgf8 57. c6 {Accuracy: White = 75%, Black = 38%.} 1-0

[Event "FIDE Online Olympiad Div 2 Pool A 2020"]
[Site "Online"]
[Date "2020.08.15"]
[Round "5"]
[White "Svane, Rasmus"]
[Black "Maznitsin, Andrei"]
[Result "1-0"]
[WhiteElo "2527"]
[BlackElo "776"]
[Annotator "broadcasts"]
[PlyCount "99"]
[EventDate "2020.08.14"]
[EventType "team-tourn"]
[TimeControl "900+5"]

1. Nf3 {[%emt 0:00:02]} Nf6 {[%emt 0:00:06]} 2. g3 {[%emt 0:00:02]} d5 {[%emt 0:00:06]} 3. Bg2 {[%emt 0:00:01]} g6 {[%emt 0:00:04]} 4. c4 {[%emt 0:00:06]} c6 {[%emt 0:00:08]} 5. b3 {[%emt 0:00:05]} Bg7 {[%emt 0:00:04]} 6. Bb2 {[%emt 0:00:04]} O-O {[%emt 0:00:02]} 7. O-O {[%emt 0:00:01]} Nbd7 {[%emt 0:00:16]} 8. d4 {[%emt 0:00:09]} Ne4 {[%emt 0:00:09]} 9. Nc3 {[%emt 0:00:25]} Ndf6 {[%emt 0:00:06]} 10. e3 {[%emt 0:00:47]} Nxc3 {[%emt 0:01:37]} 11. Bxc3 {[%emt 0:00:01]} Ne4 {[%emt 0:00:03]} 12. Bb2 {[%emt 0:00:08]} b5 {[%emt 0:00:51]} 13. cxb5 {[%emt 0:00:08]} cxb5 {[%emt 0:00:03]} 14. Ne5 {[%emt 0:00:36]} b4 {[%emt 0:00:16]} 15. a3 {[%emt 0:00:19]} a5 {[%emt 0:00:50]} 16. Re1 {[%emt 0:01:42]} Ba6 {[%emt 0:01:08]} 17. Nc6 {[%emt 0:02:17]} Qc7 {[%emt 0:00:13]} 18. Rc1 {[%emt 0:00:04]} Bb5 {[%emt 0:04:19]} 19. Nxb4 {[%emt 0:01:05]} Qb7 {[%emt 0:00:27]} 20. Nxd5 {[%emt 0:01:27]} Qxd5 {[%emt 0:00:25]} 21. Rc5 {[%emt 0:00:04]} Qb7 {[%emt 0:02:10]} 22. Bxe4 {[%emt 0:00:04]} Qxe4 {[%emt 0:00:03]} 23. Rxb5 {[%emt 0:00:01]} Rfc8 {[%emt 0:00:31]} 24. Re2 {[%emt 0:00:50]} Rc7 {[%emt 0:00:48]} 25. Rc5 {[%emt 0:00:20]} Rb7 {[%emt 0:00:03]} 26. Rec2 {[%emt 0:01:48]} h5 {[%emt 0:00:49]} 27. Rc8+ {[%emt 0:01:46]} Rxc8 {[%emt 0:00:04]} 28. Rxc8+ {[%emt 0:00:00]} Kh7 {[%emt 0:00:01]} 29. h4 {[%emt 0:00:19]} Qd5 {[%emt 0:00:58]} 30. Rc5 {[%emt 0:00:42]} Qxb3 {[%emt 0:00:11]} 31. Qxb3 {[%emt 0:00:01]} Rxb3 {[%emt 0:00:02]} 32. Bc1 {[%emt 0:00:02]} a4 {[%emt 0:00:31]} 33. Rc4 {[%emt 0:00:01]} Rb1 {[%emt 0:00:03]} 34. Kg2 {[%emt 0:00:05]} e6 {[%emt 0:00:01]} 35. Bd2 {[%emt 0:00:08]} Bf8 {[%emt 0:00:06]} 36. Rxa4 {[%emt 0:00:03]} Ra1 {[%emt 0:00:03]} 37. Ra8 {[%emt 0:00:13]} Bd6 {[%emt 0:00:15]} 38. a4 {[%emt 0:00:03]} Ra2 {[%emt 0:00:01]} 39. Rd8 {[%emt 0:01:26]} Bxg3 {[%emt 0:00:03]} 40. Kxg3 {[%emt 0:00:01]} Rxd2 {[%emt 0:00:01]} 41. a5 {[%emt 0:00:08]} Ra2 {[%emt 0:00:02]} 42. Ra8 {[%emt 0:00:01]} Kg7 {[%emt 0:00:00]} 43. a6 {[%emt 0:00:02]} Kf6 {[%emt 0:00:01]} 44. e4 {[%emt 0:00:18]} Ra4 {[%emt 0:00:11]} 45. a7 {[%emt 0:00:04]} Ra2 {[%emt 0:00:15]} 46. d5 {[%emt 0:00:04]} exd5 {[%emt 0:00:12]} 47. exd5 {[%emt 0:00:00]} Ke7 {[%emt 0:00:01]} 48. d6+ {[%emt 0:00:01]} Kd7 {[%emt 0:00:04]} 49. Rf8 {[%emt 0:00:02]} Rxa7 {[%emt 0:00:02]} 50. Rxf7+ {[%emt 0:00:01]} 1-0

[Event "FIDE Online Olympiad Div 2 Pool A 2020"]
[Site "Online"]
[Date "2020.08.15"]
[Round "5"]
[White "Schulze, Lara"]
[Black "Omurbekova, Diana"]
[Result "1-0"]
[WhiteElo "2133"]
[BlackElo "1876"]
[Annotator "broadcasts"]
[PlyCount "123"]
[EventDate "2020.08.14"]
[EventType "team-tourn"]
[TimeControl "900+5"]

1. e4 {[%emt 0:00:02]} g6 {[%emt 0:00:04]} 2. d4 {[%emt 0:00:02]} Bg7 {[%emt 0:00:03]} 3. Nf3 {[%emt 0:00:02]} d6 {[%emt 0:00:02]} 4. Bc4 {[%emt 0:00:02]} Nf6 {[%emt 0:00:02]} 5. Qe2 {[%emt 0:00:02]} O-O {[%emt 0:00:05]} 6. e5 {[%emt 0:00:09]} Ne8 {[%emt 0:00:04]} 7. O-O {[%emt 0:00:09]} c5 {[%emt 0:00:09]} 8. dxc5 {[%emt 0:00:03]} dxe5 {[%emt 0:00:18]} 9. Nc3 {[%emt 0:03:05]} Bg4 {[%emt 0:00:10]} 10. h3 {[%emt 0:01:47]} Bxf3 {[%emt 0:00:10]} 11. Qxf3 {[%emt 0:00:00]} Nc6 {[%emt 0:00:09]} 12. Rd1 {[%emt 0:00:21]} Qa5 {[%emt 0:00:08]} 13. Ne4 {[%emt 0:02:18]} Nd4 {[%emt 0:00:32]} 14. Qd3 {[%emt 0:00:11]} Nf6 {[%emt 0:01:04]} 15. Nxf6+ {[%emt 0:00:46]} exf6 {[%emt 0:00:35]} 16. c3 {[%emt 0:00:06]} Ne6 {[%emt 0:01:06]} 17. b4 {[%emt 0:00:10]} Qc7 {[%emt 0:00:09]} 18. Bxe6 {[%emt 0:01:44]} fxe6 {[%emt 0:00:08]} 19. Qc4 {[%emt 0:00:03]} Kf7 {[%emt 0:00:33]} 20. Rd6 {[%emt 0:00:25]} Rfe8 {[%emt 0:00:07]} 21. Be3 {[%emt 0:00:22]} Bf8 {[%emt 0:00:10]} 22. Rd2 {[%emt 0:00:12]} Rad8 {[%emt 0:00:26]} 23. Rad1 {[%emt 0:00:44]} f5 {[%emt 0:00:27]} 24. Bg5 {[%emt 0:00:50]} Rxd2 {[%emt 0:00:11]} 25. Rxd2 {[%emt 0:00:42]} h6 {[%emt 0:00:07]} 26. Qb5 {[%emt 0:00:02]} Qc6 {[%emt 0:01:43]} 27. Rd7+ {[%emt 0:00:27]} Kg8 {[%emt 0:00:07]} 28. Qxc6 {[%emt 0:00:11]} bxc6 {[%emt 0:00:03]} 29. Bf6 {[%emt 0:00:02]} a5 {[%emt 0:00:07]} 30. Bxe5 {[%emt 0:00:31]} axb4 {[%emt 0:00:02]} 31. cxb4 {[%emt 0:00:03]} Ra8 {[%emt 0:00:03]} 32. b5 {[%emt 0:01:04]} Ra5 {[%emt 0:01:08]} 33. b6 {[%emt 0:00:20]} Rxc5 {[%emt 0:00:30]} 34. b7 {[%emt 0:00:13]} Rc1+ {[%emt 0:00:02]} 35. Kh2 {[%emt 0:00:02]} Rb1 {[%emt 0:00:02]} 36. b8=Q {[%emt 0:00:04]} Rxb8 {[%emt 0:00:03]} 37. Bxb8 {[%emt 0:00:00]} Bc5 {[%emt 0:00:07]} 38. Be5 {[%emt 0:00:07]} Bxf2 {[%emt 0:00:05]} 39. a4 {[%emt 0:00:02]} g5 {[%emt 0:00:03]} 40. a5 {[%emt 0:00:03]} Kf8 {[%emt 0:00:03]} 41. a6 {[%emt 0:00:04]} Ke8 {[%emt 0:00:01]} 42. Rh7 {[%emt 0:00:04]} f4 {[%emt 0:00:05]} 43. a7 {[%emt 0:00:03]} Bxa7 {[%emt 0:00:02]} 44. Rxa7 {[%emt 0:00:02]} c5 {[%emt 0:00:05]} 45. Kg1 {[%emt 0:00:03]} c4 {[%emt 0:00:02]} 46. Kf2 {[%emt 0:00:01]} h5 {[%emt 0:00:01]} 47. Kf3 {[%emt 0:00:04]} Kd8 {[%emt 0:00:03]} 48. Ke4 {[%emt 0:00:02]} Kc8 {[%emt 0:00:04]} 49. Kd4 {[%emt 0:00:04]} g4 {[%emt 0:00:09]} 50. hxg4 {[%emt 0:00:03]} hxg4 {[%emt 0:00:02]} 51. Bxf4 {[%emt 0:00:01]} g3 {[%emt 0:00:02]} 52. Rc7+ {[%emt 0:00:10]} Kd8 {[%emt 0:00:02]} 53. Rxc4 {[%emt 0:00:02]} e5+ {[%emt 0:00:02]} 54. Kxe5 {[%emt 0:00:03]} Kd7 {[%emt 0:00:00]} 55. Kd5 {[%emt 0:00:02]} Ke7 {[%emt 0:00:01]} 56. Be5 {[%emt 0:00:04]} Kf7 {[%emt 0:00:02]} 57. Rc7+ {[%emt 0:00:16]} Kg6 {[%emt 0:00:01]} 58. Ke6 {[%emt 0:00:02]} Kg5 {[%emt 0:00:01]} 59. Rg7+ {[%emt 0:00:04]} Kh6 {[%emt 0:00:02]} 60. Rxg3 {[%emt 0:00:06]} Kh5 {[%emt 0:00:01]} 61. Kf5 {[%emt 0:00:21]} Kh4 {[%emt 0:00:02]} 62. Rh3# {[%emt 0:00:04]} 1-0

[Event "FIDE Online Olympiad Div 2 Pool A 2020"]
[Site "Online"]
[Date "2020.08.15"]
[Round "5"]
[White "Vogel, Roven"]
[Black "Sezdbekov, Arzybek"]
[Result "1-0"]
[WhiteElo "2110"]
[BlackElo "996"]
[Annotator "broadcasts"]
[PlyCount "61"]
[EventDate "2020.08.14"]
[EventType "team-tourn"]
[TimeControl "900+5"]

1. d4 {[%emt 0:00:06]} Nf6 {[%emt 0:00:07]} 2. Nf3 {[%emt 0:00:04]} e6 {[%emt 0:00:04]} 3. c4 {[%emt 0:00:05]} d5 {[%emt 0:00:07]} 4. Nc3 {[%emt 0:00:04]} a6 {[%emt 0:00:17]} 5. cxd5 {[%emt 0:00:10]} exd5 {[%emt 0:00:11]} 6. Bg5 {[%emt 0:00:04]} c6 {[%emt 0:00:15]} 7. Qc2 {[%emt 0:00:20]} Bb4 {[%emt 0:00:08]} 8. e3 {[%emt 0:00:05]} Bg4 {[%emt 0:00:59]} 9. Ne5 {[%emt 0:00:19]} Bh5 {[%emt 0:00:02]} 10. Bd3 {[%emt 0:00:57]} Bg6 {[%emt 0:01:07]} 11. O-O {[%emt 0:00:18]} Nbd7 {[%emt 0:00:12]} 12. Nxd7 {[%emt 0:02:09]} Qxd7 {[%emt 0:00:06]} 13. Bxf6 {[%emt 0:00:02]} gxf6 {[%emt 0:00:03]} 14. Na4 {[%emt 0:00:02]} Qc7 {[%emt 0:00:08]} 15. Rac1 {[%emt 0:00:18]} Rg8 {[%emt 0:00:45]} 16. g3 {[%emt 0:00:41]} Bd6 {[%emt 0:00:06]} 17. Bf5 {[%emt 0:00:43]} h5 {[%emt 0:02:06]} 18. Kh1 {[%emt 0:01:16]} h4 {[%emt 0:00:22]} 19. gxh4 {[%emt 0:01:14]} Bxh2 {[%emt 0:02:43]} 20. f4 {[%emt 0:01:52]} Bg3 {[%emt 0:00:09]} 21. Bxg6 {[%emt 0:01:18]} Rxg6 {[%emt 0:00:33]} 22. h5 {[%emt 0:00:16]} Rh6 {[%emt 0:02:27]} 23. Kg2 {[%emt 0:01:10]} Bh4 {[%emt 0:00:34]} 24. Qf5 {[%emt 0:00:05]} Qa5 {[%emt 0:00:54]} 25. Nc3 {[%emt 0:00:15]} Ke7 {[%emt 0:00:04]} 26. Kf3 {[%emt 0:00:19]} Rg8 {[%emt 0:00:41]} 27. Rg1 {[%emt 0:00:05]} Rgh8 {[%emt 0:01:03]} 28. b4 {[%emt 0:01:00]} Qd8 {[%emt 0:00:20]} 29. Rg7 {[%emt 0:00:50]} Rxh5 {[%emt 0:00:45]} 30. Qg6 {[%emt 0:00:02]} Qe8 {[%emt 0:00:01]} 31. Rh1 {[%emt 0:00:37]} 1-0

[Event "FIDE Online Olympiad Div 2 Pool A 2020"]
[Site "Online"]
[Date "2020.08.15"]
[Round "5"]
[White "Tologontegin, Semetey"]
[Black "Wagner, Dennis"]
[Result "1-0"]
[WhiteElo "2007"]
[BlackElo "2212"]
[Annotator "broadcasts"]
[PlyCount "95"]
[EventDate "2020.08.14"]
[EventType "team-tourn"]
[TimeControl "900+5"]

1. d4 {[%emt 0:00:05]} Nf6 {[%emt 0:00:02]} 2. Nc3 {[%emt 0:00:01]} d5 {[%emt 0:00:02]} 3. Bf4 {[%emt 0:00:02]} c5 {[%emt 0:00:04]} 4. e3 {[%emt 0:00:08]} cxd4 {[%emt 0:00:05]} 5. exd4 {[%emt 0:00:01]} a6 {[%emt 0:00:05]} 6. Bd3 {[%emt 0:00:01]} Nc6 {[%emt 0:00:03]} 7. Nge2 {[%emt 0:00:02]} Bg4 {[%emt 0:00:19]} 8. f3 {[%emt 0:00:02]} Bh5 {[%emt 0:00:06]} 9. h4 {[%emt 0:00:01]} e6 {[%emt 0:00:34]} 10. g4 {[%emt 0:00:25]} Bg6 {[%emt 0:00:03]} 11. h5 {[%emt 0:00:03]} Bxd3 {[%emt 0:00:03]} 12. Qxd3 {[%emt 0:00:00]} h6 {[%emt 0:00:47]} 13. O-O-O {[%emt 0:00:33]} Bd6 {[%emt 0:00:49]} 14. Qe3 {[%emt 0:00:29]} Na5 {[%emt 0:03:03]} 15. b3 {[%emt 0:00:45]} Rc8 {[%emt 0:01:56]} 16. Kb1 {[%emt 0:01:42]} Bxf4 {[%emt 0:01:00]} 17. Nxf4 {[%emt 0:00:31]} O-O {[%emt 0:01:58]} 18. Nce2 {[%emt 0:01:47]} Nd7 {[%emt 0:01:08]} 19. Nd3 {[%emt 0:01:05]} Qg5 {[%emt 0:02:35]} 20. Qg1 {[%emt 0:05:23]} e5 {[%emt 0:00:55]} 21. dxe5 {[%emt 0:01:28]} Nxe5 {[%emt 0:00:01]} 22. f4 {[%emt 0:00:01]} Qxg4 {[%emt 0:00:01]} 23. fxe5 {[%emt 0:00:01]} Qxe2 {[%emt 0:00:01]} 24. Rh2 {[%emt 0:00:01]} Qe4 {[%emt 0:00:11]} 25. Rg2 {[%emt 0:00:26]} Qh7 {[%emt 0:00:12]} 26. Qb6 {[%emt 0:00:16]} Nc6 {[%emt 0:00:05]} 27. Rdg1 {[%emt 0:00:01]} Rfe8 {[%emt 0:00:10]} 28. Rxg7+ {[%emt 0:00:11]} Qxg7 {[%emt 0:00:00]} 29. Rxg7+ {[%emt 0:00:01]} Kxg7 {[%emt 0:00:00]} 30. Qxb7 {[%emt 0:00:02]} Nd4 {[%emt 0:00:28]} 31. Qxd5 {[%emt 0:00:28]} Nxc2 {[%emt 0:00:04]} 32. Nc5 {[%emt 0:00:25]} Na3+ {[%emt 0:00:19]} 33. Kb2 {[%emt 0:00:03]} Nb5 {[%emt 0:00:05]} 34. e6 {[%emt 0:00:25]} fxe6 {[%emt 0:00:16]} 35. Nxe6+ {[%emt 0:00:06]} Kf6 {[%emt 0:00:02]} 36. Nf4 {[%emt 0:00:25]} Rcd8 {[%emt 0:00:11]} 37. Qc6+ {[%emt 0:00:05]} Kf5 {[%emt 0:00:01]} 38. Qxa6 {[%emt 0:00:15]} Rd2+ {[%emt 0:00:05]} 39. Kc1 {[%emt 0:00:02]} Rd4 {[%emt 0:00:16]} 40. Qg6+ {[%emt 0:00:14]} Kxf4 {[%emt 0:00:02]} 41. Qxe8 {[%emt 0:00:01]} Nd6 {[%emt 0:00:01]} 42. Qf8+ {[%emt 0:00:04]} Ke4 {[%emt 0:00:02]} 43. Qxh6 {[%emt 0:00:02]} Nf5 {[%emt 0:00:02]} 44. Qg6 {[%emt 0:00:02]} Rd5 {[%emt 0:00:02]} 45. h6 {[%emt 0:00:03]} Kd3 {[%emt 0:00:03]} 46. h7 {[%emt 0:00:04]} Rc5+ {[%emt 0:00:01]} 47. Kb2 {[%emt 0:00:02]} Rc2+ {[%emt 0:00:04]} 48. Ka3 {[%emt 0:00:01]} 1-0